| 000 | 00598nam a2200229Ia 4500 | ||
|---|---|---|---|
| 008 | 180628s9999 xx 000 0 und d | ||
| 020 | _a978-0-0-268973-3 | ||
| 050 | _aFIC G35a | ||
| 050 | _b2015 | ||
| 100 | _aGaiman, Neil. | ||
| 245 | 0 | _aAmerican gods / | |
| 245 | 0 | _cNeil Gaiman. | |
| 260 | _aNew York : | ||
| 260 | _bWilliam Morrow, | ||
| 260 | _c2015 | ||
| 300 | _a750 pages : | ||
| 300 | _c19 cm. | ||
| 650 | _aEx-convicts -- Fiction. | ||
| 650 | _aNational characteristics, American -- Fiction. | ||
| 650 | _xSpiritual warfare -- Ficiton. | ||
| 650 | _xWidowers -- Fiction. | ||
| 999 |
_c358110 _d358110 |
||